[Event "Toulouse Lardenne op 2nd"]
[Site "Toulouse"]
[Date "2014.05.18"]
[Round "1"]
[White "Holler, Isabel"]
[Black "Mosset Cancel, Drystan"]
[Result "1/2-1/2"]
[WhiteElo "1290"]
[BlackElo "1520"]
[PlyCount "44"]
[EventDate "2014.05.17"]
[EventType "swiss"]
[EventRounds "6"]
[EventCountry "FRA"]
[SourceTitle "EXT 2015"]
[Source "ChessBase"]
[SourceDate "2014.11.20"]
[SourceVersion "1"]
[SourceVersionDate "2014.11.20"]
[SourceQuality "1"]

1. Nf3 d5 2. d4 Nc6 3. Nbd2 Nf6 4. e3 a6 5. c3 g6 6. Bd3 Bg7 7. 0-0 0-0 8. Re1 Re8 9. e4 dxe4 10. Nxe4 e5 11. dxe5 Nxe4 12. Bxe4 Nxe5 13. Qxd8 Nxf3+ 14. Bxf3 Rxd8 15. Bg5 f6 16. Bf4 c6 17. Rad1 Rxd1 18. Rxd1 Be6 19. b3 f5 20. c4 Kf7 21. h4 h6 22. Kh2 Kf6 1/2-1/2